000 00580nam a2200205 i 4500
001 101657
003 ES-MaACL
005 20250710062727.0
007 t|
008 051021s1956 fr ||||1| fre d
100 1 _aMégret, Maurice.
_979812
245 1 3 _aLa Guerre psychologique /
_cpar Maurice Mégret.
250 _a[1ª ed.].
260 _aParis :
_bPresses Universitaires de France,
_c1956.
300 _a128 p. ;
_c17 cm.
490 1 _aQue sais-je? ;
_v713
830 0 0 _aQue sais-je?
_v713
_9180931
852 _aES-MaACL
_jC-15951
_bR.43466
999 _c101657
_d101657